000 01199cam a2200289L 4500
001 45359
005 20230411085957.0
008 951114s1994 sz r i000 0 eng d
035 _a(OCoLC)ocm81071482
040 _aNNUN
_cNYDRD
035 _a(OCoLC)81071482
086 _a[ST/]DHA/94/132
_2undoc
049 _aGRAL
245 0 0 _aDisasters around the world :
_ba global and regional view.
260 _aGeneva :
_bUN,
_c1994.
300 _aii, 87 p. :
_bill., charts, graphs.
490 1 _aInformation paper (World Conference on Natural Disaster Reduction, Yokohama, Japan, 23-27 May 1994) ;
_vno. 4, Apr. 1994
500 _aReport based on EMDAT Database, Centre for Research on the Epidemiology of Disasters (CRED), Ecole de Sante Publique, Universitat Catholique de Louvain, Bruxelles.
500 _aUN Job no.: G9402449 E.
500 _aMaterial type: Reports/studies.
506 _aDistribution: General (not for deposit).
650 0 7 _aNATURAL DISASTERS.
_2unbist
650 0 7 _aSTATISTICAL DATA.
_2unbist
830 0 _aInformation paper (World Conference on Natural Disaster Reduction (1994 : Yokohama, Japan)) ;
_vno. 4, Apr. 1994.
942 _2lcc
_cbk
994 _aC0
_bDRFGD
999 _c110356
_d110356